French Radical Party; from Herriot to Mendes-France (Record no. 478992)

000 -LEADER
fixed length control field 00446cam a22001457a 4500
008 - FIXED-LENGTH DATA ELEMENTS--GENERAL INFORMATION
fixed length control field 180718b1961 xxu||||| |||| 00| 0 eng d
082 ## - DEWEY DECIMAL CLASSIFICATION NUMBER
Classification number F51x55 D48
100 ## - MAIN ENTRY--PERSONAL NAME
Personal name De Tarr, Francis
245 ## - TITLE STATEMENT
Title French Radical Party; from Herriot to Mendes-France
Statement of responsibility, etc. bvy Francis De Tarr
260 ## - PUBLICATION, DISTRIBUTION, ETC.
Place of publication, distribution, etc. London
Name of publisher, distributor, etc. Oxford Univ. Press
Date of publication, distribution, etc. 1961
300 ## - PHYSICAL DESCRIPTION
Extent 264p.
440 ## - SERIES STATEMENT/ADDED ENTRY--TITLE
Title bibl.
500 ## - GENERAL NOTE
General note 35/-
650 ## - SUBJECT ADDED ENTRY--TOPICAL TERM
Topical term or geographic name entry element Parti reᄡpublicain radical et radical-socialiste (Franc
Holdings
Withdrawn status Lost status Damaged status Not for loan Permanent Location Current Location Date acquired Full call number Barcode Date last seen Price effective from Koha item type
        Indian Institute of Public Administration Indian Institute of Public Administration 2018-08-04 F51x55 D48 GR795 2018-08-04 2018-08-04 GR

Powered by Koha